000 00370nam a2200121Ia 4500
008 180815s9999 xx 000 0 und d
020 _a9789711504649
100 _aFeliciano, Myrna S.
245 _cMyrna S. Feliciano.--
_aPhilippine legal system /
260 _aQuezon City :
_bUniversity of the Philippines
_c2015
300 _a195 pages.
650 _aLaw -- Philippines
999 _c358315
_d358315